| 000 -LEADER |
| fixed length control field |
00950cam a2200265 a 4500 |
| 001 - CONTROL NUMBER |
| control field |
(Sirsi) a725463 |
| 003 - CONTROL NUMBER IDENTIFIER |
| control field |
OSt |
| 005 - DATE AND TIME OF LATEST TRANSACTION |
| control field |
20241204145446.0 |
| 008 - FIXED-LENGTH DATA ELEMENTS--GENERAL INFORMATION |
| fixed length control field |
111226s2008 nyua a 000 1 eng d |
| 020 ## - INTERNATIONAL STANDARD BOOK NUMBER |
| International Standard Book Number |
9781402763229 (hard) : |
| 040 ## - CATALOGING SOURCE |
| Original cataloging agency |
OWL |
| Transcribing agency |
OWL |
| Modifying agency |
OWL |
| -- |
TAE |
| -- |
KH8 |
| 042 ## - AUTHENTICATION CODE |
| Authentication code |
nbic |
| 082 0# - DEWEY DECIMAL CLASSIFICATION NUMBER |
| Classification number |
823.914 FUG |
| 100 1# - MAIN ENTRY--PERSONAL NAME |
| Personal name |
Fuge, Charles. |
| Relator term |
Author |
| 245 14 - TITLE STATEMENT |
| Title |
The adventures of Little Wombat / |
| Statement of responsibility, etc. |
illustrated by Charles Fuge. |
| 260 ## - PUBLICATION, DISTRIBUTION, ETC. |
| Place of publication, distribution, etc. |
New York : |
| Name of publisher, distributor, etc. |
Sterling, |
| Date of publication, distribution, etc. |
2008. |
| 300 ## - PHYSICAL DESCRIPTION |
| Extent |
[96] p. : |
| Other physical details |
col. ill. ; |
| Dimensions |
26 cm. |
| 500 ## - GENERAL NOTE |
| General note |
First published: London, Great Britain : Gullane Children's Books, 2008. |
| 505 00 - FORMATTED CONTENTS NOTE |
| Title |
Sometimes I like to curl up in a ball -- |
| -- |
Found you, Little Wombat! -- |
| -- |
Swim, Little Wombat, swim! -- Where to, Little Wombat? |
| 520 ## - SUMMARY, ETC. |
| Summary, etc. |
Four stories about Little Wombat and his friends. |
| 521 1# - TARGET AUDIENCE NOTE |
| Target audience note |
2- |
| 650 #0 - SUBJECT ADDED ENTRY--TOPICAL TERM |
| Topical term or geographic name entry element |
Friendship |
| Form subdivision |
Juvenile fiction. |
| 650 #0 - SUBJECT ADDED ENTRY--TOPICAL TERM |
| Topical term or geographic name entry element |
Wombats |
| Form subdivision |
Juvenile fiction. |
| 942 ## - ADDED ENTRY ELEMENTS (KOHA) |
| Source of classification or shelving scheme |
|
| Koha item type |
Books - Non Ficton |